Spanish Numbers Click Quiz 1-20 - Statistics

General Stats
  • This quiz has been taken 162 times
  • The average score is 18 of 20
Answer Stats
Hint Answer % Correct
1 Uno
99%
2 Dos
98%
3 Tres
96%
6 Seis
94%
5 Cinco
92%
4 Cuatro
92%
8 Ocho
92%
7 Siete
92%
9 Nueve
91%
10 Diez
89%
13 Trece
88%
14 Catorce
86%
12 Doce
86%
11 Once
86%
19 Diecinueve
84%
16 Dieciséis
84%
17 Diecisiete
84%
18 Dieciocho
83%
20 Veinte
82%
15 Quince
81%
No matching quizzes found
Score Distribution
Percent of People with Each Score
Percentile by Number Answered
Your Score History
You have not taken this quiz